[Event "Campeonato de España sub-14 2011"]
[Site "Padron ESP"]
[Date "2011.07.16"]
[Round "8.3"]
[White "Perez Barreto, Adrian"]
[Black "Rubio Tent, Francisco"]
[Result "1/2-1/2"]
[WhiteElo "1934"]
[BlackElo "2063"]
[PlyCount "52"]
[EventDate "2011.07.12"]
[EventType "swiss"]
[EventRounds "9"]
[EventCountry "ESP"]
[Source "lmi"]
[SourceDate "2011.07.12"]

1. d4 d5 2. c4 c6 3. Nf3 Nf6 4. Nc3 a6 5. c5 Nbd7 6. Bf4 g6 7. h3 Bg7 8. e3 O-O
9. Be2 Ne8 10. O-O Nc7 11. b4 Re8 12. Re1 e5 13. Bh2 exd4 14. exd4 Ne6 15. Bf1
Nf6 16. Rc1 Bh6 17. Rc2 Nf4 18. Bxf4 Rxe1 19. Qxe1 Bxf4 20. g3 Bf5 21. Re2 Bc7
22. Re3 Qd7 23. Re7 Qd8 24. Re3 Qd7 25. Re7 Qd8 26. Re3 Qd7 1/2-1/2

[Event "Campeonato de España sub-14 2011"]
[Site "Padron ESP"]
[Date "2011.07.16"]
[Round "8.4"]
[White "Shen, Yue"]
[Black "Martin Prior, Francisco Jose"]
[Result "1-0"]
[WhiteElo "2053"]
[BlackElo "1776"]
[PlyCount "87"]
[EventDate "2011.07.12"]
[EventType "swiss"]
[EventRounds "9"]
[EventCountry "ESP"]
[Source "lmi"]
[SourceDate "2011.07.12"]

1. d4 Nf6 2. c4 g6 3. Nf3 Bg7 4. Nc3 d5 5. g3 c5 6. dxc5 Qa5 7. Qb3 Qxc5 8.
cxd5 Na6 9. Bg2 Nb4 10. Be3 Qa5 11. Nd2 Na6 12. O-O O-O 13. Nc4 Qb4 14. Qxb4
Nxb4 15. Bc5 Na6 16. Bxe7 Re8 17. Ba3 b5 18. Nxb5 Rxe2 19. Rfe1 Bg4 20. h3
Rxe1+ 21. Rxe1 Bd7 22. Nbd6 Bf8 23. Ne5 Nc7 24. Rc1 Nce8 25. Nxe8 Rxe8 26. Nxd7
Nxd7 27. Bxf8 Kxf8 28. Rc7 Re1+ 29. Kh2 Ne5 30. Rxa7 Re2 31. b4 Rxf2 32. Kg1
Rb2 33. a3 Rb1+ 34. Bf1 Rb2 35. Bg2 Nd3 36. d6 Rb1+ 37. Kh2 Ne5 38. Ra5 f6 39.
Ra8+ Kf7 40. Bd5+ Kg7 41. d7 Rb2+ 42. Kh1 Rb1+ 43. Kg2 Rb2+ 44. Kf1 1-0

[Event "Campeonato de España sub-14 2011"]
[Site "Padron ESP"]
[Date "2011.07.16"]
[Round "8.5"]
[White "Buendia Pinar, Alvaro"]
[Black "Ventura Bolet, Maxim"]
[Result "1-0"]
[WhiteElo "1941"]
[BlackElo "1987"]
[PlyCount "97"]
[EventDate "2011.07.12"]
[EventType "swiss"]
[EventRounds "9"]
[EventCountry "ESP"]
[Source "lmi"]
[SourceDate "2011.07.12"]

1. d4 d5 2. c4 dxc4 3. Nf3 a6 4. e3 Bg4 5. Bxc4 e6 6. O-O Nf6 7. Nc3 Nc6 8. Be2
Bd6 9. Re1 O-O 10. h3 Bh5 11. a3 Qe8 12. b3 e5 13. d5 Bxf3 14. Bxf3 Ne7 15. e4
Ng6 16. Be3 Nd7 17. Qd2 Bc5 18. b4 Bxe3 19. Qxe3 Qe7 20. Rac1 b5 21. Ne2 Nb6
22. Qc5 Nc4 23. Qxe7 Nxe7 24. a4 Ra7 25. axb5 axb5 26. Nc3 Nd6 27. Be2 f5 28.
exf5 Rxf5 29. Nxb5 Nxb5 30. Bxb5 Rb7 31. Bd7 Rf6 32. Rxe5 Ng6 33. Re4 Nf4 34.
Rd1 Ra7 35. g3 Ng6 36. Rde1 Nf8 37. Bc6 h6 38. b5 Kh7 39. Re7 Ng6 40. R7e6 Kg8
41. Rxf6 gxf6 42. Re6 Kg7 43. Kg2 h5 44. d6 cxd6 45. b6 Ra2 46. b7 Rb2 47. Re8
Ne5 48. Bd5 Nd7 49. Re7+ 1-0

[Event "Campeonato de España sub-14 2011"]
[Site "Padron ESP"]
[Date "2011.07.16"]
[Round "8.6"]
[White "Garcia Acosta, Roger"]
[Black "Martin Garcia, Guillermo"]
[Result "1/2-1/2"]
[WhiteElo "1879"]
[BlackElo "1955"]
[PlyCount "72"]
[EventDate "2011.07.12"]
[EventType "swiss"]
[EventRounds "9"]
[EventCountry "ESP"]
[Source "lmi"]
[SourceDate "2011.07.12"]

1. e4 Nf6 2. e5 Nd5 3. d4 d6 4. c4 Nb6 5. exd6 exd6 6. Nf3 Bg4 7. Be2 Be7 8.
O-O O-O 9. Nc3 Nc6 10. d5 Bxf3 11. Bxf3 Ne5 12. b3 Bf6 13. Bb2 Nbd7 14. Be2 Ng6
15. Qd2 Re8 16. f4 Qe7 17. Bg4 Qe3+ 18. Qxe3 Rxe3 19. Bxd7 Bxc3 20. Bxc3 Rxc3
21. g3 Rd8 22. Ba4 Re3 23. Rfe1 Re7 24. Rxe7 Nxe7 25. Re1 Kf8 26. Kf2 f6 27. b4
Kf7 28. Kf3 g6 29. g4 Nc8 30. h4 Ne7 31. Bb3 Nc8 32. Re6 Re8 33. Rxe8 Kxe8 34.
a4 Ne7 35. Ke3 f5 36. Kf3 c6 1/2-1/2

[Event "Campeonato de España sub-14 2011"]
[Site "Padron ESP"]
[Date "2011.07.16"]
[Round "8.7"]
[White "Martin Perez, Laura"]
[Black "Nuñez, Miranda Adrian"]
[Result "1/2-1/2"]
[WhiteElo "1946"]
[BlackElo "1862"]
[PlyCount "111"]
[EventDate "2011.07.12"]
[EventType "swiss"]
[EventRounds "9"]
[EventCountry "ESP"]
[Source "lmi"]
[SourceDate "2011.07.12"]

1. e4 d6 2. d4 Nf6 3. Nc3 e5 4. Nf3 Nbd7 5. Bc4 Be7 6. O-O O-O 7. Bg5 a6 8. a4
b6 9. Re1 Bb7 10. Qe2 Re8 11. dxe5 dxe5 12. Rad1 Bd6 13. Nd5 h6 14. Bh4 g5 15.
Bg3 Nxd5 16. Bxd5 Bxd5 17. Rxd5 Nf6 18. Rd3 Qe7 19. Nd2 Qe6 20. b3 b5 21. Ra1
Qg4 22. Rf3 Bb4 23. h3 Qh5 24. Qd1 Qg6 25. c3 Bc5 26. Qe2 g4 27. hxg4 Qxg4 28.
b4 Ba7 29. c4 Bd4 30. Ra2 Nh5 31. cxb5 Nxg3 32. Qc4 Qg6 33. Qd3 Nh5 34. bxa6
Nf4 35. Rxf4 exf4 36. Qxd4 Rad8 37. Qc3 Qxa6 38. Qxc7 Qe6 39. Rb2 Qf6 40. Qc2
Rc8 41. Qb1 Qc3 42. b5 Red8 43. Nf3 Qa5 44. Qe1 Qxa4 45. Qb4 Qxb4 46. Rxb4 Rd1+
47. Kh2 Rcc1 48. Kh3 h5 49. Kh4 Rc5 50. e5 f6 51. Rxf4 fxe5 52. Re4 Rxb5 53.
Rxe5 Rxe5 54. Nxe5 Rd2 55. Kg3 Kg7 56. Nf3 1/2-1/2

[Event "Campeonato de España sub-14 2011"]
[Site "Padron ESP"]
[Date "2011.07.16"]
[Round "8.8"]
[White "Pozanco Romasanta, Marc"]
[Black "Suarez Gomez, Julio"]
[Result "0-1"]
[WhiteElo "1916"]
[BlackElo "1819"]
[PlyCount "110"]
[EventDate "2011.07.12"]
[EventType "swiss"]
[EventRounds "9"]
[EventCountry "ESP"]
[Source "lmi"]
[SourceDate "2011.07.12"]

1. d4 d5 2. c4 e6 3. Nc3 Nf6 4. cxd5 exd5 5. Bg5 c6 6. Qc2 Be7 7. e3 Nbd7 8.
Bd3 O-O 9. Nf3 Re8 10. h3 Nf8 11. O-O Ne4 12. Bxe7 Qxe7 13. Ne5 f6 14. Nf3 Ng6
15. Rab1 f5 16. b4 a6 17. a4 Nh4 18. Nxh4 Qxh4 19. Ne2 Qg5 20. Nf4 Qf6 21. b5
axb5 22. axb5 g5 23. bxc6 bxc6 24. Nh5 Qg6 25. Bxe4 fxe4 26. Ng3 Ba6 27. Rb6
Bxf1 28. Rxc6 Re6 29. Rxe6 Qxe6 30. Nxf1 Rc8 31. Qe2 Rf8 32. Ng3 h6 33. Qa2 Kh7
34. Qa7+ Rf7 35. Qa2 Rc7 36. Qb2 Qc6 37. Qd2 Rb7 38. Qe2 Qd6 39. Qa2 Rc7 40.
Qb2 Qc6 41. Qd2 Qc1+ 42. Qxc1 Rxc1+ 43. Nf1 Kg6 44. g3 h5 45. Kg2 Rd1 46. Kg1
Rc1 47. Kg2 Rc2 48. Nh2 Kf6 49. Kg1 Ke6 50. f4 gxf4 51. gxf4 Re2 52. Nf1 h4 53.
Kh1 Rf2 54. Kg1 Rf3 55. Kg2 Kf5 0-1

[Event "Campeonato de España sub-14 2011"]
[Site "Padron ESP"]
[Date "2011.07.16"]
[Round "8.9"]
[White "Montoya Pecurul, Marc"]
[Black "Bru Rullo, Llatzer"]
[Result "0-1"]
[WhiteElo "1796"]
[BlackElo "1971"]
[PlyCount "116"]
[EventDate "2011.07.12"]
[EventType "swiss"]
[EventRounds "9"]
[EventCountry "ESP"]
[Source "lmi"]
[SourceDate "2011.07.12"]

1. e4 e5 2. Nf3 Nc6 3. Bb5 a6 4. Ba4 Nf6 5. O-O b5 6. Bb3 Be7 7. Re1 O-O 8. c3
d6 9. h3 Na5 10. Bc2 c5 11. d4 Qc7 12. Nbd2 Bd7 13. d5 Rfe8 14. Nf1 h6 15. Ng3
Bf8 16. Nh4 g6 17. Qf3 Qd8 18. Qe2 Nb7 19. Nf3 Qc7 20. Nh2 c4 21. f4 exf4 22.
Bxf4 Nxd5 23. Qd2 Nxf4 24. Qxf4 Bg7 25. Ng4 Bxg4 26. Qxg4 Nc5 27. Rad1 Rad8 28.
Rf1 Nd7 29. h4 Ne5 30. Qh3 Qd7 31. Qxd7 Rxd7 32. Rd5 Ng4 33. Rf3 Be5 34. Ne2
Kg7 35. g3 Red8 36. Nf4 Nf6 37. Rd1 Bxf4 38. gxf4 Re8 39. Re3 Nh5 40. Rf3 d5
41. Rxd5 Rxd5 42. exd5 Rd8 43. Kf2 Rxd5 44. Ke3 Nf6 45. Rg3 Kf8 46. Rg2 Rh5 47.
f5 gxf5 48. Kd4 f4 49. Be4 Rxh4 50. Bf3 Rh3 51. Rf2 Rg3 52. Bb7 Nd7 53. Kd5
Rd3+ 54. Kc6 Ne5+ 55. Kb6 Rd6+ 56. Ka5 Nd3 57. Rd2 Rf6 58. Bf3 Ne5 0-1

[Event "Campeonato de España sub-14 2011"]
[Site "Padron ESP"]
[Date "2011.07.16"]
[Round "8.10"]
[White "Marchena Hurtado, Javier"]
[Black "Rodriguez Rodriguez, Alvaro"]
[Result "1/2-1/2"]
[WhiteElo "1961"]
[BlackElo "1782"]
[PlyCount "96"]
[EventDate "2011.07.12"]
[EventType "swiss"]
[EventRounds "9"]
[EventCountry "ESP"]
[Source "lmi"]
[SourceDate "2011.07.12"]

1. e4 c5 2. Nf3 a6 3. c4 Nc6 4. d4 cxd4 5. Nxd4 Nf6 6. Nc3 e5 7. Nf5 d5 8. cxd5
Bxf5 9. exf5 Nd4 10. Bg5 Nxf5 11. Bxf6 gxf6 12. Bd3 Nd4 13. Qh5 Be7 14. O-O Qd7
15. f4 Bd6 16. Ne4 O-O-O 17. Nxf6 Qe7 18. fxe5 Qxe5 19. Qxe5 Bxe5 20. Ng4 f6
21. Nxf6 Bxf6 22. Rxf6 Rxd5 23. Rf7 Re8 24. Bxh7 Re2 25. Rf2 Rxf2 26. Kxf2 Rh5
27. Rc1+ Kb8 28. Rd1 Nc6 29. Be4 Rxh2 30. Bxc6 bxc6 31. Rd7 Rh5 32. g4 Rh2+ 33.
Kf3 Rxb2 34. g5 Rxa2 35. g6 Ra3+ 36. Ke4 Ra4+ 37. Kd3 Ra1 38. Kc2 Ra2+ 39. Kb3
Rg2 40. g7 Rg3+ 41. Kb4 Rg4+ 42. Ka5 Kc8 43. Rf7 Rg5+ 44. Kxa6 Rg1 45. Rf8+ Kc7
46. Rf7+ Kd6 47. Kb7 c5 48. Kb6 Ke5 1/2-1/2

[Event "Campeonato de España sub-14 2011"]
[Site "Padron ESP"]
[Date "2011.07.16"]
[Round "8.11"]
[White "Prado Acebo, Ines"]
[Black "Garriga Cazorla, Pere"]
[Result "0-1"]
[WhiteElo "1694"]
[BlackElo "1931"]
[PlyCount "120"]
[EventDate "2011.07.12"]
[EventType "swiss"]
[EventRounds "9"]
[EventCountry "ESP"]
[Source "lmi"]
[SourceDate "2011.07.12"]

1. d4 Nf6 2. c4 g6 3. Nc3 Bg7 4. e4 O-O 5. h3 d6 6. Bg5 h6 7. Be3 e5 8. d5 a5
9. Bd3 Ne8 10. g4 Na6 11. Nge2 c6 12. Ng3 Qe7 13. h4 Nb4 14. Bb1 cxd5 15. cxd5
Bd7 16. h5 g5 17. Qe2 Na6 18. a3 Nc5 19. Ba2 Nc7 20. Bc4 Rfb8 21. Nb5 Nxb5 22.
Bxb5 Nb3 23. Rd1 Qe8 24. Bxd7 Qxd7 25. Nf5 b5 26. Qc2 a4 27. Bd2 Rc8 28. Qd3
Nd4 29. Bc3 Nxf5 30. gxf5 Rc4 31. Ke2 Bf6 32. Rc1 Rac8 33. f3 Bd8 34. Bd2 Bb6
35. Rxc4 bxc4 36. Qc2 Qb5 37. Bc3 Qc5 38. Rf1 Qe3+ 39. Kd1 Ra8 40. Bb4 Bd4 41.
Bd2 Qb3 42. Qxb3 cxb3 43. Bc1 Rc8 44. Re1 Bf2 45. Re2 Bg3 46. Rg2 Bf4 47. Bxf4
exf4 48. Rd2 Kg7 49. Rd4 Rc2 50. Rd2 Rc4 51. Ke2 Kf6 52. Kd3 Rc1 53. Kd4 Rh1
54. e5+ dxe5+ 55. Kc5 Rc1+ 56. Kb4 g4 57. fxg4 e4 58. d6 Rc8 59. d7 Rd8 60. Kc3
Ke5 0-1

[Event "Campeonato de España sub-14 2011"]
[Site "Padron ESP"]
[Date "2011.07.16"]
[Round "8.12"]
[White "Alonso Gorrin, Javier"]
[Black "Jane Besora, Jordi"]
[Result "0-1"]
[WhiteElo "1920"]
[BlackElo "1801"]
[PlyCount "62"]
[EventDate "2011.07.12"]
[EventType "swiss"]
[EventRounds "9"]
[EventCountry "ESP"]
[Source "lmi"]
[SourceDate "2011.07.12"]

1. e4 c5 2. Nf3 Nf6 3. e5 Nd5 4. Nc3 e6 5. Bc4 Nb6 6. Be2 Nc6 7. Ne4 d5 8. exd6
Bxd6 9. d3 e5 10. c3 O-O 11. O-O Bf5 12. Be3 Bxe4 13. dxe4 f5 14. exf5 Rxf5 15.
Qc2 Qc8 16. Bd3 Rh5 17. Ng5 e4 18. Qb3+ c4 19. Bxc4+ Kf8 20. f4 Na5 21. Qd1 Rh6
22. Be2 Qc6 23. Qc2 Nbc4 24. Bd4 Re8 25. Nxe4 Qxe4 26. Bd3 Qd5 27. Rf3 Nc6 28.
Bf2 Bc5 29. Bxc4 Bxf2+ 30. Qxf2 Qxc4 31. g4 Re2 0-1

[Event "Campeonato de España sub-14 2011"]
[Site "Padron ESP"]
[Date "2011.07.16"]
[Round "8.13"]
[White "Lopez Caudevilla, David"]
[Black "Jimenez, Peñafiel Gustavo"]
[Result "1-0"]
[WhiteElo "1851"]
[BlackElo "1783"]
[PlyCount "131"]
[EventDate "2011.07.12"]
[EventType "swiss"]
[EventRounds "9"]
[EventCountry "ESP"]
[Source "lmi"]
[SourceDate "2011.07.12"]

1. e4 c5 2. Nc3 Nc6 3. g3 e6 4. Bg2 Nge7 5. f4 g6 6. Nf3 Bg7 7. O-O O-O 8. d3
d6 9. Be3 Nd4 10. Qd2 Qd7 11. Nh4 Rb8 12. Nd1 b6 13. c3 Ndc6 14. g4 f5 15. Bh3
Bf6 16. Qe1 Ba6 17. g5 Bg7 18. exf5 exf5 19. Qd2 Bb7 20. Nf3 Rfe8 21. Nf2 Nd5
22. Rae1 Re6 23. Bg2 Nc7 24. d4 cxd4 25. Nxd4 Nxd4 26. Bxb7 Rxb7 27. Bxd4 Bxd4
28. Qxd4 Rb8 29. Rxe6 Qxe6 30. Rd1 Rd8 31. Nd3 Nb5 32. Qb4 Nc7 33. Qb3 Kf8 34.
Qxe6 Nxe6 35. Kf2 Ke7 36. Nb4 Kd7 37. Nd5 Kc6 38. Kf3 Nc7 39. Nf6 Ne8 40. Nxh7
d5 41. Re1 Nc7 42. Re7 d4 43. cxd4 Rxd4 44. Nf8 Nd5 45. Re6+ Kc7 46. Nxg6 Rd3+
47. Kf2 Rh3 48. Kg2 Rd3 49. h4 Rd2+ 50. Kf3 Rxb2 51. h5 Rxa2 52. h6 Rh2 53. Kg3
Rh1 54. Nh4 Nxf4 55. Kxf4 Rxh4+ 56. Kxf5 a5 57. g6 Rh5+ 58. Kf6 Rxh6 59. Kf7 a4
60. g7 Rh7 61. Kg6 Rxg7+ 62. Kxg7 b5 63. Kf6 a3 64. Ke5 b4 65. Kd4 a2 66. Ra6
1-0

[Event "Campeonato de España sub-14 2011"]
[Site "Padron ESP"]
[Date "2011.07.16"]
[Round "8.14"]
[White "Fernandez, Gil Ruben C"]
[Black "Gonzalez Santamartina, Jorge"]
[Result "0-1"]
[WhiteElo "1847"]
[BlackElo "1733"]
[PlyCount "66"]
[EventDate "2011.07.12"]
[EventType "swiss"]
[EventRounds "9"]
[EventCountry "ESP"]
[Source "lmi"]
[SourceDate "2011.07.12"]

1. e4 e5 2. Nf3 Nc6 3. Bb5 a6 4. Ba4 Nf6 5. O-O Be7 6. Re1 b5 7. Bb3 O-O 8. d4
d6 9. c3 Bb7 10. Nbd2 exd4 11. cxd4 Na5 12. Bc2 c5 13. Nf1 Re8 14. Ng3 Rc8 15.
dxc5 dxc5 16. Qe2 Qc7 17. e5 Nd5 18. Qe4 g6 19. Qg4 Bf8 20. Nf5 Nb4 21. Be4
Bxe4 22. Rxe4 Nd3 23. Nh6+ Kh8 24. Bg5 Nc4 25. Bf6+ Bg7 26. Qg5 Re6 27. Bxg7+
Kxg7 28. Nf5+ Kh8 29. Rg4 Ncxe5 30. Qh6 f6 31. Nxe5 Nxe5 32. Rg3 gxf5 33. Rc1
Qe7 0-1

[Event "Campeonato de España sub-14 2011"]
[Site "Padron ESP"]
[Date "2011.07.16"]
[Round "8.15"]
[White "Kalynovsky, Martin"]
[Black "Ligero Martinez, Jesus"]
[Result "1-0"]
[WhiteElo "1712"]
[BlackElo "1801"]
[PlyCount "107"]
[EventDate "2011.07.12"]
[EventType "swiss"]
[EventRounds "9"]
[EventCountry "ESP"]
[Source "lmi"]
[SourceDate "2011.07.12"]

1. e4 e5 2. Bc4 Bc5 3. Nf3 Nc6 4. d3 Nf6 5. Bb3 d6 6. h3 Be6 7. c3 O-O 8. Bc2
a5 9. Nbd2 d5 10. Qe2 dxe4 11. dxe4 Nd7 12. Nf1 h6 13. Ng3 Qe7 14. O-O Rad8 15.
b3 Qf6 16. Be3 Ne7 17. Bxc5 Nxc5 18. Rad1 b6 19. Nh5 Qg6 20. Nxe5 Qg5 21. f4
Qh4 22. f5 Rxd1 23. Bxd1 g6 24. fxe6 Qxh5 25. Qxh5 gxh5 26. exf7+ Kg7 27. Bxh5
Nxe4 28. Re1 Ng3 29. Bg4 Ngf5 30. Rf1 Ne3 31. Rf3 Nxg4 32. Nxg4 Nc6 33. Nxh6
Ne5 34. Re3 Kxh6 35. Rxe5 Rxf7 36. Re3 Rd7 37. Re2 Kg5 38. Kh2 Rd3 39. c4 Kf4
40. Re7 c5 41. Re6 Rd2 42. a4 Rd3 43. Rxb6 Ke3 44. Rb5 Kf2 45. Rxc5 Rxb3 46.
Rxa5 Rb4 47. c5 Rc4 48. Rb5 Rc2 49. a5 Ra2 50. c6 Rc2 51. Rb6 Rc5 52. a6 Rg5
53. Rb2+ Ke3 54. a7 1-0

[Event "Campeonato de España sub-14 2011"]
[Site "Padron ESP"]
[Date "2011.07.16"]
[Round "8.16"]
[White "Portela Peleteiro, Alberto"]
[Black "Alvarez Nistal, David"]
[Result "1/2-1/2"]
[WhiteElo "1681"]
[BlackElo "1796"]
[PlyCount "97"]
[EventDate "2011.07.12"]
[EventType "swiss"]
[EventRounds "9"]
[EventCountry "ESP"]
[Source "lmi"]
[SourceDate "2011.07.12"]

1. e4 c5 2. Nc3 Nc6 3. g3 g6 4. Bg2 Bg7 5. d3 d6 6. f4 e6 7. Nf3 Nge7 8. O-O
O-O 9. Be3 Nd4 10. Bf2 Rb8 11. Nxd4 cxd4 12. Ne2 Nc6 13. c3 dxc3 14. Nxc3 Qa5
15. Qd2 Nd4 16. Rfd1 Bd7 17. Ne2 Qxd2 18. Rxd2 Nxe2+ 19. Rxe2 b6 20. d4 Rbc8
21. e5 Bc6 22. Be1 Bxg2 23. Rxg2 Rc4 24. Rd1 d5 25. a3 Rfc8 26. Bb4 Bf8 27.
Bxf8 Kxf8 28. Rgd2 Ke7 29. Kf2 Kd7 30. Ke3 b5 31. Kd3 b4 32. axb4 Rxb4 33. Ra1
Rb3+ 34. Ke2 Rc7 35. Ra3 Rxa3 36. bxa3 Rc3 37. Rd3 Rc2+ 38. Rd2 Rc3 39. Rd3
Rc2+ 40. Rd2 Rc1 41. Rd1 Rc4 42. Rd3 Kc6 43. Kd2 Kb5 44. Rb3+ Ka4 45. Rd3 a5
46. Kd1 Rc7 47. Kd2 Rb7 48. Kc2 Rc7+ 49. Kd2 1/2-1/2

[Event "Campeonato de España sub-14 2011"]
[Site "Padron ESP"]
[Date "2011.07.17"]
[Round "9.1"]
[White "Rubio Tent, Francisco"]
[Black "Garrido Piriz, Pablo"]
[Result "1/2-1/2"]
[WhiteElo "2063"]
[BlackElo "1795"]
[PlyCount "106"]
[EventDate "2011.07.12"]
[EventType "swiss"]
[EventRounds "9"]
[EventCountry "ESP"]
[Source "lmi"]
[SourceDate "2011.07.12"]

1. e4 c5 2. Nf3 d6 3. d4 cxd4 4. Nxd4 Nf6 5. Nc3 g6 6. f4 Nc6 7. Nxc6 bxc6 8.
e5 Nd7 9. exd6 exd6 10. Be3 Qe7 11. Qd2 Bg7 12. O-O-O O-O 13. Bd4 Bxd4 14. Qxd4
d5 15. Be2 Qf6 16. Bf3 Qxd4 17. Rxd4 Nb6 18. Na4 Nc4 19. b3 Ne3 20. c4 Nf5 21.
Rd2 Be6 22. cxd5 cxd5 23. g3 Rac8+ 24. Kb2 Rfd8 25. Re1 d4 26. Re5 Rb8 27. Nc5
Ne3 28. Ka1 Bf5 29. Na6 Rb6 30. Rxe3 Rxa6 31. Re5 Rc8 32. Be4 Rd6 33. Bxf5 gxf5
34. Rxf5 f6 35. Ra5 a6 36. Kb2 Kf7 37. Ra4 d3 38. Rc4 Re8 39. Kc3 Red8 40. f5
Kg7 41. g4 R8d7 42. b4 Rd5 43. a4 Kh6 44. Rc6 Kg5 45. Rxa6 Rc7+ 46. Kb3 Kf4 47.
Re6 Rd4 48. b5 Rcc4 49. b6 Rb4+ 50. Kc3 Rbc4+ 51. Kb3 Rb4+ 52. Kc3 Rbc4+ 53.
Kb2 Rb4+ 1/2-1/2

[Event "Campeonato de España sub-14 2011"]
[Site "Padron ESP"]
[Date "2011.07.17"]
[Round "9.2"]
[White "Shen, Yue"]
[Black "Navarrete Espi, Samuel"]
[Result "1/2-1/2"]
[WhiteElo "2053"]
[BlackElo "2169"]
[PlyCount "126"]
[EventDate "2011.07.12"]
[EventType "swiss"]
[EventRounds "9"]
[EventCountry "ESP"]
[Source "lmi"]
[SourceDate "2011.07.12"]

1. d4 Nf6 2. c4 g6 3. Nc3 Bg7 4. e4 d6 5. Nf3 O-O 6. Be2 e5 7. d5 a5 8. Bg5 h6
9. Bh4 Qe8 10. b3 Na6 11. Nd2 Nh7 12. f3 Bf6 13. Bf2 h5 14. a3 h4 15. b4 axb4
16. axb4 Bd7 17. Rb1 Bg5 18. c5 Qe7 19. c6 bxc6 20. dxc6 Be6 21. Nc4 Nxb4 22.
Rxb4 d5 23. Rb5 dxc4 24. Bc5 Qe8 25. Bxf8 Qxf8 26. O-O Be3+ 27. Kh1 Bd4 28. Nd5
Bxd5 29. Rxd5 Nf6 30. Rxd4 exd4 31. Qxd4 Nh5 32. Bxc4 Qh6 33. Kg1 Qf4 34. Qf2
Rd8 35. Bd5 Ra8 36. Qe1 Qg5 37. Rf2 Nf4 38. Rd2 Nh3+ 39. Kf1 Nf4 40. g3 hxg3
41. hxg3 Qh5 42. gxf4 Ra1 43. Qxa1 Qh1+ 44. Ke2 Qxa1 45. f5 g5 46. Rd3 Kg7 47.
Rb3 Kf6 48. Kd3 Qa4 49. Kc3 Ke5 50. Kc2 f6 51. Kb2 Kd4 52. Kc2 Qa6 53. Kb2 Qe2+
54. Ka3 Qd2 55. Ka4 Qa2+ 56. Ra3 Qc2+ 57. Rb3 Qc5 58. Ra3 Qc1 59. Kb3 Qb1+ 60.
Ka4 Qc1 61. Rb3 Qc5 62. Ra3 Qc2+ 63. Rb3 Qc5 1/2-1/2

[Event "Campeonato de España sub-14 2011"]
[Site "Padron ESP"]
[Date "2011.07.17"]
[Round "9.3"]
[White "Nicolas Zapata, Irene"]
[Black "Buendia Pinar, Alvaro"]
[Result "0-1"]
[WhiteElo "2117"]
[BlackElo "1941"]
[PlyCount "116"]
[EventDate "2011.07.12"]
[EventType "swiss"]
[EventRounds "9"]
[EventCountry "ESP"]
[Source "lmi"]
[SourceDate "2011.07.12"]

1. Nf3 d5 2. e3 Nf6 3. c4 e6 4. Nc3 c6 5. b3 Nbd7 6. Bb2 Bd6 7. Qc2 O-O 8. Be2
Re8 9. Rg1 a6 10. g4 Nf8 11. g5 N6d7 12. h4 b5 13. h5 Bb7 14. g6 fxg6 15. O-O-O
Nf6 16. hxg6 h6 17. Rh1 bxc4 18. Rh3 cxb3 19. axb3 Qe7 20. Ng5 Ba3 21. Bd3
Bxb2+ 22. Qxb2 e5 23. f3 Bc8 24. Rh2 e4 25. fxe4 Ng4 26. Nf3 Nxh2 27. Nxh2 Be6
28. Nf3 Bg4 29. Rf1 Nd7 30. Nd4 Ne5 31. Bc2 Rf8 32. Rg1 Qh4 33. Nf5 Bxf5 34.
exf5 Qf6 35. Qa2 Rfb8 36. Ne2 a5 37. Kd1 a4 38. bxa4 Nc4 39. Bb3 Na5 40. Bc2
Rb2 41. Qa3 Nc4 42. Qc3 Ra2 43. Qxf6 gxf6 44. Nc1 Ra1 45. Bb3 Nb2+ 46. Kc2 Nxa4
47. e4 Nc5 48. Rg3 Nxe4 49. Rh3 Kg7 50. d4 Nd6 51. Rf3 Re8 52. Kb2 Ra7 53. Nd3
Rae7 54. Nc5 Nb5 55. Rd3 Re4 56. Ba4 Nxd4 57. Kc3 Nxf5 58. Bxc6 Rc4+ 0-1

[Event "Campeonato de España sub-14 2011"]
[Site "Padron ESP"]
[Date "2011.07.17"]
[Round "9.4"]
[White "Suarez Gomez, Julio"]
[Black "Perez Barreto, Adrian"]
[Result "1-0"]
[WhiteElo "1819"]
[BlackElo "1934"]
[PlyCount "101"]
[EventDate "2011.07.12"]
[EventType "swiss"]
[EventRounds "9"]
[EventCountry "ESP"]
[Source "lmi"]
[SourceDate "2011.07.12"]

1. e4 c5 2. d3 Nc6 3. g3 d5 4. Nd2 Nf6 5. Bg2 e5 6. Ngf3 g6 7. O-O Bg7 8. exd5
Nxd5 9. Re1 O-O 10. Nc4 Re8 11. a4 b6 12. Ng5 f6 13. Ne4 Re6 14. c3 Nce7 15.
Qb3 Rc6 16. Ne3 Be6 17. Nxd5 Nxd5 18. c4 Nb4 19. Nc3 Nxd3 20. Rd1 Rd6 21. Bxa8
Qxa8 22. Nd5 Bxd5 23. cxd5 e4 24. Bf4 Rxd5 25. a5 Qd8 26. axb6 axb6 27. Ra6 Kf8
28. Bc7 Qd7 29. Ra8+ Ke7 30. Bxb6 Qf5 31. Ra7+ Rd7 32. Rxd7+ Kxd7 33. Rd2 Bh6
34. Rc2 e3 35. Qb5+ Kd6 36. f4 Bxf4 37. Rc3 Ne5 38. Qxc5+ Ke6 39. Qc8+ Nd7 40.
Qe8+ Kd6 41. Bc7+ Kd5 42. Qf7+ Ke4 43. Qc4+ Kf3 44. Qf1+ Kg4 45. Qxf4+ Qxf4 46.
Bxf4 e2 47. Kf2 g5 48. Bc7 Kh3 49. Kxe2 Kxh2 50. g4+ Kg2 51. Rg3+ 1-0

[Event "Campeonato de España sub-14 2011"]
[Site "Padron ESP"]
[Date "2011.07.17"]
[Round "9.5"]
[White "Ventura Bolet, Maxim"]
[Black "Garcia Acosta, Roger"]
[Result "1-0"]
[WhiteElo "1987"]
[BlackElo "1879"]
[PlyCount "107"]
[EventDate "2011.07.12"]
[EventType "swiss"]
[EventRounds "9"]
[EventCountry "ESP"]
[Source "lmi"]
[SourceDate "2011.07.12"]

1. c4 e6 2. Nf3 d5 3. b3 Nf6 4. g3 c5 5. Bg2 Nc6 6. O-O d4 7. d3 e5 8. e3 Be7
9. exd4 exd4 10. Na3 O-O 11. h3 a6 12. Bb2 Bd7 13. Nc2 Bd6 14. b4 b6 15. Nd2
Rb8 16. Nb3 Ne5 17. f4 Ng6 18. Bc1 Qc7 19. Qf3 Ne7 20. Bd2 Bc6 21. Qf2 Bxg2 22.
Kxg2 Nc6 23. g4 Rbe8 24. g5 Nd7 25. Rae1 f5 26. Qf3 Kh8 27. h4 Ne7 28. Re6 Ng6
29. Rxg6 hxg6 30. h5 Qa7 31. Kf2 Qa8 32. Qh3 gxh5 33. Qxh5+ Kg8 34. Rh1 Nf6 35.
gxf6 Rxf6 36. Qh7+ Kf7 37. Rg1 Rg8 38. Qh5+ Ke7 39. Re1+ Kd7 40. bxc5 Rh8 41.
c6+ Kc7 42. Qg5 Bf8 43. Ke2 Qxc6 44. Qg1 Re6+ 45. Kd1 Rxe1+ 46. Nxe1 a5 47.
Qxd4 a4 48. Qe5+ Kb7 49. Nd4 Qd7 50. Nxf5 Rh1 51. Qe4+ Qc6 52. Qxc6+ Kxc6 53.
Nd4+ Kb7 54. Ne6 1-0

[Event "Campeonato de España sub-14 2011"]
[Site "Padron ESP"]
[Date "2011.07.17"]
[Round "9.6"]
[White "Nuñez, Miranda Adrian"]
[Black "Garcia-Castany, Musellas Gal.La"]
[Result "0-1"]
[WhiteElo "1862"]
[BlackElo "1980"]
[PlyCount "120"]
[EventDate "2011.07.12"]
[EventType "swiss"]
[EventRounds "9"]
[EventCountry "ESP"]
[Source "lmi"]
[SourceDate "2011.07.12"]

1. f4 d5 2. Nf3 c6 3. g3 Bg4 4. Bg2 Nd7 5. O-O Bxf3 6. Bxf3 e5 7. d3 Ngf6 8.
Qe1 e4 9. Bg2 h5 10. h3 Bd6 11. Nc3 Qe7 12. dxe4 Nxe4 13. Nxe4 dxe4 14. Be3 f5
15. Rd1 Nf6 16. Qd2 Nd5 17. Bd4 Bc5 18. Bxc5 Qxc5+ 19. Qd4 Qxd4+ 20. Rxd4 O-O-O
21. Kf2 g6 22. a3 Nb6 23. Ke3 c5 24. Rxd8+ Rxd8 25. b3 Nd5+ 26. Kf2 Nc3 27. Rc1
Rd1 28. Rxd1 Nxd1+ 29. Ke1 Ne3 30. Bf1 Nxc2+ 31. Kd2 Nxa3 32. e3 Kc7 33. Kc3
Kc6 34. Kb2 Nb5 35. Bc4 Nd6 36. Bg8 Nc8 37. Be6 Ne7 38. Kc3 b5 39. Kb2 a5 40.
Ka3 Kd6 41. Bf7 Nd5 42. Bxg6 Nxe3 43. Bxh5 Nf1 44. Kb2 Nxg3 45. Bg6 Ke6 46. Kc2
Ne2 47. Be8 b4 48. h4 Nxf4 49. h5 Ke7 50. Bb5 Nxh5 51. Kd2 Kd6 52. Ke3 Ke5 53.
Ke2 Ng3+ 54. Kf2 f4 55. Kg2 e3 56. Kf3 e2 57. Kf2 Kd4 58. Ke1 Kc3 59. Kf2 Kd2
60. Bxe2 Nxe2 0-1